Pays de l'anglais au français - Statistiques

Statistiques générales
  • Ce quiz a été pris 160 fois
  • Le résultat moyen est 14 sur 16
Statistiques - réponses
Pays en anglais Et en français % Correct
Slovakia Slovaquie
99%
South Korea Corée du Sud
96%
Dominican Republic Republiqué Dominicaine
96%
Czech Republic Republiqué Tchèque
96%
Austria Autriche
95%
United Arab Emirates Emirats Arabes Unis
94%
Ecuador Equateur
94%
Ivory Coast Côte d'Ivoire
92%
Equatorial Guinea Guinée Equatoriale
92%
Trinidad and Tobago Trinite-et-Tobago
92%
San Marino Saint-Marin
89%
Eritrea Erythree
88%
East Timor Timor Oriental
85%
Central African Republic Republiqué Centrafricaine
84%
Mauritius Île Maurice
83%
St.Kitts and Nevis Saint-Christophe-et-Niévès
72%
Aucun quiz correspondant
Distribution des résultats
% des personnes avec chaque résultat
Percentile par nombre de réponses
Votre historique - résultats
Vous n’avez pas pris ce quiz